Modern applied statistics with S-plus
Uloženo v:
| Hlavní autoři: | , |
|---|---|
| Médium: | Kniha |
| Jazyk: | angličtina |
| Vydáno: |
Nueva York
Springer
2002
|
| Vydání: | 4a. ed |
| Edice: | Statistics and Computing
|
| Témata: | |
| Tagy: |
Přidat tag
Žádné tagy, Buďte první, kdo vytvoří štítek k tomuto záznamu!
|
MARC
| LEADER | 00000nam a2200000 a 4500 | ||
|---|---|---|---|
| 001 | UCL3800 | ||
| 003 | CL-VaPUC | ||
| 008 | 031212e20020000US |||||||||||||||||eng|d | ||
| 020 | |a 0387954570 | ||
| 082 | 0 | 4 | |a 005.369 |b VEN |2 21 |
| 100 | 0 | |a Venables, William N |e author |9 481203 | |
| 700 | 0 | |a Ripley, Brian D |e author |9 481204 | |
| 245 | 1 | 0 | |a Modern applied statistics with S-plus |
| 250 | |a 4a. ed | ||
| 300 | |a 495 p | ||
| 942 | |c BK | ||
| 945 | |d 20031212 00:00:00 |a cmena | ||
| 260 | |a Nueva York |b Springer |c 2002 | ||
| 650 | 0 | |a Estadística matemática |9 260028 | |
| 650 | 0 | |a Proceso de datos |9 259776 | |
| 650 | 0 | |a S Plus |9 456051 | |
| 583 | |a last modification |c 20031212 00:00:00 |k Rodrigo Vera | ||
| 490 | 0 | |a Statistics and Computing | |
| 999 | |c 306805 |d 306803 | ||
| 952 | |0 0 |1 0 |4 0 |6 005_369000000000000_VEN_2002 |7 0 |8 A |9 372118 |a BIBGIM |b BIBGIM |d 2019-11-21 |i 3973476 |o 005.369 VEN 2002 |p 3973476 |r 2025-01-15 |w 2019-11-21 |y BK |k EST | ||
| 952 | |0 0 |1 0 |4 0 |6 005_369000000000000_VEN_2002 |7 0 |8 A |9 372119 |a BIBGIM |b BIBGIM |d 2019-11-21 |i 3973484 |o 005.369 VEN 2002 |p 3973484 |r 2025-01-15 |w 2019-11-21 |y BK |k EST | ||
| 952 | |0 0 |1 0 |4 0 |6 005_369000000000000_VEN_2002 |7 0 |8 A |9 372120 |a BIBGIM |b BIBGIM |d 2019-11-21 |i 3973492 |o 005.369 VEN 2002 |p 3973492 |r 2025-01-15 |w 2019-11-21 |y BK |k EST | ||
| 952 | |0 0 |1 0 |4 0 |6 005_369000000000000_VEN_2002 |7 0 |8 A |9 372121 |a BIBGIM |b BIBGIM |d 2019-11-21 |i 3973506 |o 005.369 VEN 2002 |p 3973506 |r 2025-01-15 |w 2019-11-21 |y BK |k EST | ||